Doctor / (Record no. 48216)
| 000 -LEADER | |
|---|---|
| fixed length control field | 00334nam a2200133 4500 |
| 020 ## - INTERNATIONAL STANDARD BOOK NUMBER | |
| International Standard Book Number | 9781784931520 |
| 100 ## - MAIN ENTRY--PERSONAL NAME | |
| Personal name | George, Lucy M. |
| 9 (RLIN) | 85950 |
| 245 ## - TITLE STATEMENT | |
| Title | Doctor / |
| Statement of responsibility, etc | Lucy M. George & AndoTwin |
| 260 ## - PUBLICATION, DISTRIBUTION, ETC. (IMPRINT) | |
| Place of publication, distribution, etc | UK |
| Name of publisher, distributor, etc | QED |
| Date of publication, distribution, etc | 2015 |
| 300 ## - PHYSICAL DESCRIPTION | |
| Extent | unpaged. |
| Other physical details | col. ill. |
| Dimensions | 26 cm. |
| 490 ## - SERIES STATEMENT | |
| Series statement | Busy People |
| 650 ## - SUBJECT ADDED ENTRY--TOPICAL TERM | |
| Topical term or geographic name as entry element | Doctor |
| 9 (RLIN) | 85952 |
| 942 ## - ADDED ENTRY ELEMENTS (KOHA) | |
| Source of classification or shelving scheme | |
| Koha item type | Book |
| Withdrawn status | Lost status | Source of classification or shelving scheme | Damaged status | Not for loan | Collection code | Home library | Current library | Shelving location | Date acquired | Total Checkouts | Full call number | Barcode | Date last seen | Date checked out | Price effective from | Koha item type | Checked out |
|---|---|---|---|---|---|---|---|---|---|---|---|---|---|---|---|---|---|
| TEACHERS' RESOURCES | Asian Hope Early Years Library | Asian Hope Early Years Library | Easy Reading | 01/22/2025 | 2 | E GEO | 207090 | 11/28/2025 | 10/31/2025 | 01/22/2025 | Book | ||||||
| Asian Hope Early Years Library | Asian Hope Early Years Library | Easy Reading | 02/10/2025 | 9 | E GEO | 207242 | 04/28/2026 | 04/28/2026 | 02/10/2025 | Book | 04/28/2026 |